00290nam a22001217a 450000500170000002000150001708200150003210000150004710000170006224500530007926000280013230000080016020250903145331.0 a8177540890 a581.82 PAR aPareek L K aSwarnkar P L aTrends in Plant Tissue Culture and Biotechnology aJodhpurbAgrobiosc2005 a334